000 00673nam a2200217 4500
003 OSt
005 20240626082524.0
006 a
008 240626b |||||||| |||| 00| 0 eng d
020 _a9789713013279
040 _aDWCL-HMN lib.
_cOC
082 _2Sixth edition
_aCirc. 613.2 J32m 2011
100 _aJamorabo-Ruiz, Adela
245 _aMedical nutrition therapy for Filipinos /
250 _aSixth edition
260 _aManila :
_bMerriam & Webster Bookstore, Inc.,
_cc2011.
300 _axxviii,
_b624 p. :
_c26 cm.
504 _aIncludes bibliographical references and index.
650 _a1. Nutrition.
942 _2ddc
_n0
_cBK-CIRC
_eSixth edition
_kCirc.
999 _c1426
_d1426